Imagine Buildings Floating like Clouds: Thoughts and Visions on Contemporary Architecture from 101 Key Creatives (Record no. 13348)

000 -LEADER
fixed length control field 00303 a2200085 4500
020 ## - INTERNATIONAL STANDARD BOOK NUMBER
International Standard Book Number 9781864709087
100 ## - MAIN ENTRY--PERSONAL NAME
Personal name Vladimir Belogolovsky
245 ## - TITLE STATEMENT
Title Imagine Buildings Floating like Clouds: Thoughts and Visions on Contemporary Architecture from 101 Key Creatives
260 ## - PUBLICATION, DISTRIBUTION, ETC.
Name of publisher, distributor, etc. The Images Publishing Group
Date of publication, distribution, etc. 2022
Holdings
Withdrawn status Lost status Source of classification or shelving scheme Damaged status Not for loan Permanent Location Current Location Date acquired Source of acquisition Cost, normal purchase price Full call number Barcode Date last seen Cost, replacement price Price effective from Koha item type
          BMS College of Architecture, Design and Planning BMS College of Architecture, Design and Planning 2025-05-20 1 2291.63 720 AR-UG4587 2025-05-20 3055.50 2025-05-20 UG Books
Copyright © 2025, The Librarian, Library and Information Centre, BMSCA D&P, Bengaluru. All Rights Reserved
web counter

Powered by Koha